[Event "SEMI B050 email"]
[Site "SEMI email"]
[Date "2005.11.10"]
[Round "?"]
[White "Basson, Heinrich"]
[Black "Raiteri, Enrico"]
[Result "1/2-1/2"]
[WhiteElo "1750"]
[BlackElo "1000"]
[PlyCount "38"]
[EventDate "2005.11.10"]
[EventType "tourn (corr)"]
[EventRounds "6"]
[EventCountry "ITA"]
[SourceTitle "Corr 2008"]
[Source "ChessBase"]
[SourceDate "2008.06.24"]
[SourceVersion "1"]
[SourceVersionDate "2008.06.24"]
[SourceQuality "1"]

1. e4 e6 2. Nf3 c5 3. Nc3 Nc6 4. d4 cxd4 5. Nxd4 Qc7 6. Ndb5 Qb8 7. a3 Nf6 8. Be3 a6 9. Nd4 b5 10. Bd3 Bb7 11. 0-0 Ne5 12. Bg5 Bc5 13. Nf3 0-0 14. Bxf6 gxf6 15. Kh1 Qc7 16. Nd2 Nxd3 17. Qg4+ Kh8 18. cxd3 Rg8 19. Qh4 f5 1/2-1/2

[Event "SEMI B047 email"]
[Site "SEMI email"]
[Date "2005.04.10"]
[Round "?"]
[White "Raiteri, Enrico"]
[Black "Tempesti, Furio"]
[Result "1-0"]
[WhiteElo "1000"]
[BlackElo "1400"]
[PlyCount "73"]
[EventDate "2005.04.10"]
[EventType "tourn (corr)"]
[EventRounds "6"]
[EventCountry "ITA"]
[SourceTitle "Corr 2008"]
[Source "ChessBase"]
[SourceDate "2008.06.24"]
[SourceVersion "1"]
[SourceVersionDate "2008.06.24"]
[SourceQuality "1"]

1. e4 e6 2. d3 d5 3. Nd2 Nf6 4. Ngf3 c5 5. g3 Nc6 6. Bg2 dxe4 7. dxe4 Qc7 8. 0-0 e5 9. c3 Be7 10. Nh4 0-0 11. Nf5 Be6 12. Nxe7+ Nxe7 13. f4 Rad8 14. Qe2 h6 15. Nc4 Bxc4 16. Qxc4 Qc6 17. Be3 exf4 18. gxf4 b6 19. Rae1 Nd7 20. Qa6 Qc7 21. e5 Rfe8 22. Qa4 Nf5 23. Bf2 Ne7 24. Bh4 Rb8 25. Qb5 Nf5 26. Bf2 Rbd8 27. Qe2 Nf8 28. Bh3 Ne7 29. f5 Nh7 30. Bh4 Ng5 31. Bg2 c4 32. Bxg5 hxg5 33. Qh5 Nd5 34. Qxg5 Qc5+ 35. Kh1 f6 36. Qg6 Ne7 37. Qg4 1-0

[Event "SEMI B034 email"]
[Site "SEMI email"]
[Date "2003.02.12"]
[Round "?"]
[White "Raiteri, Enrico"]
[Black "Salmoiraghi, Angelo"]
[Result "1-0"]
[WhiteElo "1000"]
[BlackElo "1500"]
[PlyCount "75"]
[EventDate "2003.02.12"]
[EventType "tourn (corr)"]
[EventRounds "6"]
[EventCountry "ITA"]
[SourceTitle "Corr 2008"]
[Source "ChessBase"]
[SourceDate "2008.06.24"]
[SourceVersion "1"]
[SourceVersionDate "2008.06.24"]
[SourceQuality "1"]

1. e4 e6 2. d4 d5 3. Nd2 Nf6 4. e5 Nfd7 5. f4 c5 6. Ndf3 Nc6 7. c3 Be7 8. Bd3 Qa5 9. Be3 cxd4 10. Nxd4 Qb6 11. b4 Nxd4 12. Bxd4 Qc7 13. Nf3 a5 14. Qd2 Nb6 15. b5 Bd7 16. Qf2 Nc4 17. b6 Nxb6 18. Bxb6 Qxc3+ 19. Ke2 Qb2+ 20. Nd2 Bb4 21. Rhd1 Ba4 22. Bd4 Bxd1+ 23. Kxd1 Bc3 24. Bxc3 Qxc3 25. Bb5+ Kf8 26. Rc1 Qb4 27. a4 h6 28. Qc5+ Qxc5 29. Rxc5 g5 30. f5 exf5 31. Rc7 b6 32. Nf3 Kg7 33. Nd4 f4 34. Nf5+ Kg6 35. Bd7 g4 36. Nd6 f3 37. g3 Kh5 38. Bc6 1-0

[Event "SEMI B030 email"]
[Site "SEMI email"]
[Date "2002.06.15"]
[Round "?"]
[White "La Carrubba, Daniele"]
[Black "Raiteri, Enrico"]
[Result "1/2-1/2"]
[WhiteElo "1250"]
[BlackElo "1000"]
[PlyCount "38"]
[EventDate "2002.06.15"]
[EventType "tourn (corr)"]
[EventRounds "6"]
[EventCountry "ITA"]
[SourceTitle "Corr 2008"]
[Source "ChessBase"]
[SourceDate "2008.06.24"]
[SourceVersion "1"]
[SourceVersionDate "2008.06.24"]
[SourceQuality "1"]

1. e4 e6 2. d4 d5 3. Nc3 Bb4 4. e5 c5 5. a3 Ba5 6. b4 cxd4 7. Qg4 Ne7 8. Nb5 Bc7 9. Nf3 0-0 10. Bg5 Qd7 11. Nbxd4 Ng6 12. Bd3 Nxe5 13. Bxh7+ Kxh7 14. Qh5+ Kg8 15. Bf6 gxf6 16. Nxe5 Bxe5 17. Qg5+ Kh7 18. Qh5+ Kg8 19. Qg4+ Kh7 1/2-1/2

[Event "SEMI B030 email"]
[Site "SEMI email"]
[Date "2002.06.15"]
[Round "?"]
[White "Raiteri, Enrico"]
[Black "Cudazzo, Fabrizio"]
[Result "1/2-1/2"]
[WhiteElo "1000"]
[BlackElo "1600"]
[PlyCount "73"]
[EventDate "2002.06.15"]
[EventType "tourn (corr)"]
[EventRounds "6"]
[EventCountry "ITA"]
[SourceTitle "Corr 2008"]
[Source "ChessBase"]
[SourceDate "2008.06.24"]
[SourceVersion "1"]
[SourceVersionDate "2008.06.24"]
[SourceQuality "1"]

1. c4 c5 2. Nf3 Nc6 3. d4 cxd4 4. Nxd4 d5 5. Nf3 Nf6 6. cxd5 Qxd5 7. Qxd5 Nxd5 8. a3 Bg4 9. Nc3 Nxc3 10. bxc3 g6 11. Rb1 b6 12. Nd4 Nxd4 13. cxd4 Bg7 14. Bb2 Bf5 15. Rc1 0-0 16. e3 Rac8 17. Rc3 Rxc3 18. Bxc3 Rc8 19. Kd2 Be4 20. Ba6 Rc7 21. f3 Bb7 22. Bxb7 Rxb7 23. g4 Rd7 24. g5 e5 25. Kd3 f5 26. gxf6 Bxf6 27. h3 Kf7 28. Ke4 exd4 29. exd4 a6 30. a4 Re7+ 31. Kd3 Rb7 32. Rb1 b5 33. Ba5 Ke6 34. Ke4 Be7 35. d5+ Kd7 36. axb5 axb5 37. Bd2 1/2-1/2

[Event "SEMI B030 email"]
[Site "SEMI email"]
[Date "2002.06.15"]
[Round "?"]
[White "Raiteri, Enrico"]
[Black "Tarzia, Paolo"]
[Result "1-0"]
[WhiteElo "1000"]
[BlackElo "1000"]
[PlyCount "41"]
[EventDate "2002.06.15"]
[EventType "tourn (corr)"]
[EventRounds "6"]
[EventCountry "ITA"]
[SourceTitle "Corr 2008"]
[Source "ChessBase"]
[SourceDate "2008.06.24"]
[SourceVersion "1"]
[SourceVersionDate "2008.06.24"]
[SourceQuality "1"]

1. d4 d5 2. c4 e5 3. dxe5 d4 4. Nf3 Nc6 5. g3 Bg4 6. Nbd2 g6 7. Qb3 Rb8 8. Bg2 Bg7 9. h3 Be6 10. 0-0 h6 11. Rd1 Nge7 12. Ne4 Bxe5 13. Nxe5 Nxe5 14. Bf4 Nxc4 15. e3 Na5 16. Nf6+ Kf8 17. Qb4 Nac6 18. Bxc6 bxc6 19. Rxd4 Qc8 20. Qa3 g5 21. Be5 1-0